00407nam a2200145Ia 4500003000400000005001700004008004100021040001800062041000800080100004000088110001600128245007300144260002000217710002400237OSt20260310100826.0211028s2011 xx 000 0 und d cAIMIT LIBRARY aeng aSuvarna, Shipali; Manimozhi.g81784 aThomas C G. aGovernance risk and compliance solution for information technology / aBangalorec2011 aRedington India Ltd